000 02899cam a2200409 i 4500
999 _c699
_d699
001 19615020
003 GZU
005 20230315095153.0
008 170428s2018 nyu b 001 0 eng
010 _a 2017020126
020 _a9781454876663
022 _a9781454876663
040 _aDLC
_beng
_erda
_cDLC
_dDLC
042 _apcc
050 0 0 _aK3240
_b.I583 2018
100 1 _aHannum, Hurst
_eauthor.
245 1 0 _aInternational human rights :
_bproblems of law, policy, and practice /
_cHurst Hannum, Dinah L. Shelton, James Anaya, Rosa Celorio,
250 _aSixth edition.
264 1 _aNew York :
_bWolters Kluwer,
_c[2018]
300 _axxxvi, 1283 pages ;
_c26 cm.
336 _atext
_btxt
_2rdacontent
337 _aunmediated
_bn
_2rdamedia
338 _avolume
_bnc
_2rdacarrier
490 0 _aAspen casebook series
504 _aIncludes bibliographical references (pages xxxi-xxxvi) and index.
505 0 _aThe concept of human rights : from morality to law : the abolition of slavery -- Guaranteeing human rights by treaty -- How many treaties and how many rights? -- The development of human rights norms through non-binding instruments : how and why do new international human rights norms emerge other than by treaty? -- Human rights in extremis : how can human rights be protected in times of terrorism, civil strife, and armed conflict? -- Who has legal obligations under international human rights law? -- Preventing and responding to acts of violence against women -- Domestic enforcement mechanisms : Are States' courts bound to apply International Human rights norms? -- The problem of fact-finding and evidence -- How are human rights violations investigated? -- UN human rights mechanisms : how are human rights implemented at the global level? -- The European system for the protection of human rights -- Rights and duties at the regional level -- Human rights in the Americas : responding to disappearances -- The case of Argentina and its aftermath -- Other regional systems -- Is there a right to a safe and healthy -- Environment? -- Coercing compliance with human rights norms: sanctions and armed intervention -- Can the international community prevent human rights violations by threatening or using force? -- Human rights and foreign policy -- The United States-China relationship.
520 _an/a
650 0 _aHuman rights.
650 0 _aInternational law and human rights.
655 7 _aCasebooks (Law).
_2lcgft
700 1 _aShelton, Dinah,
_eauthor.
700 1 _aAnaya, S. James
_eauthor.
700 1 _aCelorio, Rosa,
_eauthor.
906 _a7
_bcbc
_corignew
_d1
_eecip
_f20
_gy-gencatlg
942 _2lcc
_cBK
_e6th ed.
_h3240
_iINT
_kK
_m2018